|
|
|
|
| LEADER |
01023nab#a2200409#ar4500 |
| 001 |
000044539 |
| 003 |
SVKKK |
| 005 |
20071127150926.0 |
| 008 |
030616c xo e sloo |
| FMT |
|
|
|
| 038 |
|
|
|a SVKKK
|
| 040 |
|
|
|a SVKKK
|b slo
|e AACR2
|
| 041 |
0 |
|
|a slo
|b eng
|
| 044 |
|
|
|a xo
|c SK
|
| 080 |
|
|
|a 379.8
|2 1981
|
| 100 |
1 |
|
|a Vaníček, Milan
|4 aut
|
| 245 |
1 |
0 |
|a Rekreácia a turizmus v súčinnosti s územným rozvojom Slovenska
|c Vaníček Milan,
|
| 300 |
|
|
|b Fotogr.4, mapa 1, lit.
|
| 504 |
|
|
|a Res. ang.
|
| 650 |
0 |
4 |
|a rekreácie
|
| 650 |
0 |
4 |
|a turizmus
|z Slovensko východné
|x rozvoj
|x štúdie
|
| 773 |
0 |
|
|t Životné prostredie
|x 0044-4863
|g Roč. 25, č. 5 (2001), s. 243-247
|
| 957 |
|
|
|a Domaša
|
| 957 |
|
|
|a Košice
|
| 957 |
|
|
|a Pieniny
|
| 957 |
|
|
|a Poprad
|
| 957 |
|
|
|a Vysoké Tatry
|
| 957 |
|
|
|a Zemplínska Šírava
|
| 958 |
|
|
|a KE
|
| 958 |
|
|
|a MI
|
| 958 |
|
|
|a PP
|
| 958 |
|
|
|a SL
|
| 974 |
|
|
|d 020116
|a Mi
|
| 992 |
|
|
|a RBX
|
| BAS |
|
|
|
| 852 |
|
|
|a SVKKK
|b BIB
|
| 998 |
|
|
|a REG
|